000 00558nam a2200217Ia 4500
003 OSt
005 20220918192551.0
006 a|||||r|||| 00| 0
007 ta
008 220917b |||||||| |||| 00| 0 eng d
024 _a69,060
037 _cTextual
040 _aARTS
_cARTS
_beng
041 _2eng
_aeng
082 _aR3:Q7, H6
100 _aKhwaja Abdul Hamid
_979458
245 0 _aIbn Maskawaih
_b a study of his Al-Fauz Al-Asghar
260 _c1946
942 _hR3:Q7, H6
_cTEXL
_2CC
999 _c195223
_d195223